| 000 | 01093nab a22002417a 4500 | ||
|---|---|---|---|
| 999 |
_c4998 _d4998 |
||
| 003 | OSt | ||
| 005 | 20230725113645.0 | ||
| 008 | 190605e xxu||||| |||| 00| 0 spa d | ||
| 040 | _cPJ | ||
| 100 |
_95121 _aSappia, Jorge J. |
||
| 245 | 1 | 0 |
_aUna aproximación a la estabilidad del empleado público / _cJorge J. Sappia. |
| 260 |
_aCiudad Autónoma de Buenos Aires : _bThomson Reuters La Ley, _c2023. |
||
| 300 | _ap. 79-81 | ||
| 500 | _aCita: TR LALEY AR/DOC/3219/2022 | ||
| 505 | _aFallo comentado: CS ~ 21/06/2022 ~ SÁNCHEZ, OSCAR VICENTE C. MUNICIPALIDAD DE ESQUINA (CORRIENTES) Y OTRO Y/O QUIEN RESULTE RESPONSABLE S/ ACCIÓN CONTENCIOSA ADMINISTRATIVA. | ||
| 505 | _t¿Te interesa el texto completo? Solicitalo al correo: koha@justierradelfuego.gov.ar | ||
| 650 | 0 |
_91316 _aDERECHO LABORAL |
|
| 650 | 0 |
_9938 _aEMPLEO PUBLICO |
|
| 650 | 0 |
_91571 _aESTABILIDAD LABORAL |
|
| 650 | 0 |
_91057 _aJURISPRUDENCIA APLICABLE |
|
| 773 | 0 |
_02711 _93168 _dCiudad Autónoma de Buenos Aires : Thomson Reuters La Ley, 1999-2002. _tRevista de derecho del trabajo. Nº1 - Enero 2023 |
|
| 942 |
_2udc _cANA |
||